000 00287nam a22001337a 4500
008 170713b xxu||||| |||| 00| 0 eng d
020 _a0231063792
041 _aeng
080 _a101
100 _a24
101 _aFIL
245 _aLEBANON'S PREDICAMENT
_cKHALAF, S
942 _2udc
_cBK
999 _c20512
_d20512